Entry Personal Name
Number of records used in: 1
001 - CONTROL NUMBER
003 - CONTROL NUMBER IDENTIFIER
005 - DATE AND TIME OF LATEST TRANSACTION
- control field:
20230926112141.0
008 - FIXED-LENGTH DATA ELEMENTS
- fixed length control field:
220225n| azannaabn |n aaa c
010 ## - LIBRARY OF CONGRESS CONTROL NUMBER
- LC control number:
no2022024752
035 ## - SYSTEM CONTROL NUMBER
- System control number:
(OCoLC)oca14356421
040 ## - CATALOGING SOURCE
- Original cataloging agency:
UnM
- Language of cataloging:
eng
- Description conventions:
rda
- Transcribing agency:
UnM
100 1# - HEADING--PERSONAL NAME
- Personal name:
Jones, Elinor
- Titles and other words associated with a name:
(Associate Professor)
373 ## - ASSOCIATED GROUP
- Associated group:
University College, London. Department of Statistical Science
- Source of term:
naf
373 ## - ASSOCIATED GROUP
- Associated group:
University of Reading
- Source of term:
naf
373 ## - ASSOCIATED GROUP
- Associated group:
University of Leicester
- Source of term:
naf
373 ## - ASSOCIATED GROUP
- Associated group:
University of Manchester
- Source of term:
naf
373 ## - ASSOCIATED GROUP
- Associated group:
University of Warwick
- Source of term:
naf
374 ## - OCCUPATION
- Occupation:
College teachers
- Source of term:
lcsh
670 ## - SOURCE DATA FOUND
- Source citation:
R book, 2022 :
- Information found:
ECIP title page (Elinor Jones, UCL, Gower Street, London, UK)
670 ## - SOURCE DATA FOUND
- Source citation:
University College London website, viewed February 24, 2022 :
- Information found:
Statistical Science, People (Dr Elinor Jones ; Associate Professor (teaching) ; themes: biostatistics, general theory and methodology ; graduated in Mathematics and Statistics from the University of Warwick ; PhD in Probability Theory at the University of Manchester ; worked as a research associate in genetic epidemiology at the University of Leicester and was a statistician at the University of Reading)